• 首页
  • 本馆介绍
  • 公告通知
  • 最新文献
  • 馆藏检索
  • 电子资源
  • 读者导购
  • 参考咨询
  • 我的图书馆
  • 登录
  • 详细信息显示
  • 放入我的书架
  • 预约/预借图书
  • 作者相关作品
  • 分类相关作品
  • 丛书相关作品
  • 出版社相关作品

书目信息

  • 表格格式
  • 工作单格式
  • 卡片格式
题名:
《红楼梦》丝绸密码
    
 
作者: 李建华 著
分册:  
出版信息: 上海   上海科学技术文献出版社  2016
页数: 224页
开本: 19cm
丛书名:
单 册:
中图分类: I207.411 , F426.81
科图分类:
主题词: 《红楼梦》研究--hong lou meng yan jiu , 丝绸工业--si chou gong ye--经济史--研究--中国
电子资源:
ISBN: 978-7-5439-6415-0
000 00988nam0 22002531 450
001 0102093611
005 20170402093611.0
010    @a978-7-5439-6415-0@b精装@dCNY35.00
100    @a20160621d2016 em y0chiy50 ea
101 0  @achi
102    @aCN@b310000
105    @aa z 000yd
106    @ar
200 1  @a《红楼梦》丝绸密码@Ahong lou meng si chou mi ma@f李建华著
210    @a上海@c上海科学技术文献出版社@d2016
215    @a224页@c图@d19cm
330    @a本书以《红楼梦》为切入点,以丝绸为解密的钥匙,讲述了小说中四大家族的原型——江南三织造的真实历史原貌。内容包括:《红楼梦》四大家族原型之谜、江宁织造之谜、皇帝的秘密任务、金陵史家与苏州织造、杭州织造之谜、一荣皆荣,一损皆损。
606 0  @a《红楼梦》研究@Ahong lou meng yan jiu
606 0  @a丝绸工业@Asi chou gong ye@x经济史@x研究@y中国
690    @aI207.411@v5
690    @aF426.81@v5
701  0 @a李建华@Ali jian hua@c(丝绸文化,@f1962~)@4著
801  0 @aCN@bTANGWEI@c20170308
905    @b0964074-7@dI207.411@e810@f4
    
    《红楼梦》丝绸密码/李建华著.-上海:上海科学技术文献出版社,2016
    224页:图;19cm
    
    
    ISBN 978-7-5439-6415-0(精装):CNY35.00
    本书以《红楼梦》为切入点,以丝绸为解密的钥匙,讲述了小说中四大家族的原型——江南三织造的真实历史原貌。内容包括:《红楼梦》四大家族原型之谜、江宁织造之谜、皇帝的秘密任务、金陵史家与苏州织造、杭州织造之谜、一荣皆荣,一损皆损。
●
相关链接 在E读中查询图书 在五车中查询图书 在当当中查询图书 在豆瓣中查询图书


正题名:《红楼梦》丝绸密码     索取号:I207.411/810         预约/预借

序号 登录号 条形码 馆藏地/架位号 状态 备注
1 0964074   209640744   第一样本阅览室/ [索取号:I207.411/810] 在馆    
2 0964075   209640753   第二借阅区/ [索取号:I207.411/810] 在馆    
3 0964076   209640762   第二借阅区/ [索取号:I207.411/810] 在馆    
4 0964077   209640771   第二借阅区/ [索取号:I207.411/810] 在馆    
唐山师范学院图书馆 欢迎您!
大连网信软件有限公司© 版权所有